00367nam a2200145Ia 4500003000400000005001700004008004100021040000900062082001700071100002000088245002700108260004800135300000900183650002900192OSt20201216110743.0190216s9999||||xx |||||||||||||| ||und|| coclc a915.1bFES/C aFessler, Loren  0aChina /cLoren Fessler bTime Life International,c1958.aNederland: a173p aLife World Library China